Orca by image - Statistics

General Stats
  • This quiz has been taken 22 times
  • The average score is 7 of 24
Answer Stats
Picture Answer % Correct
Tilikum
94%
Keiko
53%
Bingo
41%
Earth
41%
Lynn
41%
Chad
35%
Kiska
35%
Sean
35%
Keet
29%
Kshamenk
29%
Ulises
29%
Kasatka
24%
Lolita
24%
Amaya
18%
Chimo
18%
Ikaika
18%
Inouk
18%
Junior
18%
Makani
18%
Nakai
18%
Orkid
18%
Tekoa
18%
Kandu
12%
Neocia
12%
No matching quizzes found
Score Distribution
Percent of People with Each Score
Percentile by Number Answered
Your Score History
You have not taken this quiz